000 00359nam a2200145Ia 4500
008 240729s9999 xx 000 0 und d
022 _a2949-8899
245 0 _aJFO Open Ophthalmology
260 _aFrance
260 _bElsevier
650 _aMedicine
856 _uhttps://doaj.org/toc/9775d615bcb04b34a2e5008c91ac7834
942 _2ddc
942 _cDOAJEJ
999 _c66941
_d66941
945 _a1
_bMadushi Gamage
_c1
_dMadushi Gamage